000
00291nam a22001217a 4500
082
_a
900
_b
GIL/S
100
_a
GILL, COLONEL NIRANJAN SINGH
245
_a
STORY OF THE I.N.A
260
_a
DELHI
_b
PUBLICATIOPNS DIVISION
_c
1985
300
_a
85
650
_a
HISTORY REFERENCE
_z
INDIA
942
_c
BK
999
_c
1600
_d
1600